00593cam a22002171 4500001001300000003000400013005001700017008004100034010001700075035002000092040001800112042001200130050001500142100003700157245004700194260004300241300003500284650001400319650002700333999001500360af 48000185 DLC20260227110842.0880902s1940 ne ch 000 0 dut  aaf 48000185  a(OCoLC)23431794 aDLCcMiUdDLC apremarc00aHX309b.G61 aGoes, Franc van der,d1859-1939.00aJournalistiek werk uit de jaren 1933/1938. aAmsterdam,bWereld-bibliotheek,c1940. a103 p.bport., facsim.c20 cm. 0aSocialism 0aSocialismzNetherlands c3953d3953